Physics: Mechanics and Properties of Matter Theory and Practical (Record no. 227226)
[ view plain ]
| 000 -LEADER | |
|---|---|
| fixed length control field | 00672nam a22002297a 4500 |
| 005 - DATE AND TIME OF LATEST TRANSACTION | |
| control field | 20230420112635.0 |
| 008 - FIXED-LENGTH DATA ELEMENTS--GENERAL INFORMATION | |
| fixed length control field | 230420b ||||| |||| 00| 0 eng d |
| 040 ## - CATALOGING SOURCE | |
| Transcribing agency | AL |
| 041 ## - LANGUAGE CODE | |
| Language code of text/sound track or separate title | English |
| 082 ## - DEWEY DECIMAL CLASSIFICATION NUMBER | |
| Edition number | 23 |
| Classification number | 531 |
| Item number | JYOP |
| 100 ## - MAIN ENTRY--PERSONAL NAME | |
| Personal name | Jyoti C K and others |
| 100 ## - MAIN ENTRY--PERSONAL NAME | |
| 9 (RLIN) | 90952 |
| 245 ## - TITLE STATEMENT | |
| Title | Physics: Mechanics and Properties of Matter Theory and Practical |
| 260 ## - PUBLICATION, DISTRIBUTION, ETC. | |
| Place of publication, distribution, etc. | Kalaburagi |
| Name of publisher, distributor, etc. | SS Bhavikatti Prakashana |
| Date of publication, distribution, etc. | 2022 |
| 300 ## - PHYSICAL DESCRIPTION | |
| Extent | viii,328 p. |
| Other physical details | PB |
| Dimensions | 21.5x14 cm. |
| 365 ## - TRADE PRICE | |
| Price amount | ₹270.00 |
| Currency code | ₹ |
| Unit of pricing | ₹270.00 |
| 650 ## - SUBJECT ADDED ENTRY--TOPICAL TERM | |
| Topical term or geographic name entry element | I SEM |
| 9 (RLIN) | 90953 |
| 650 ## - SUBJECT ADDED ENTRY--TOPICAL TERM | |
| Topical term or geographic name entry element | NEP |
| 9 (RLIN) | 90954 |
| 700 ## - ADDED ENTRY--PERSONAL NAME | |
| Personal name | JYOTI (CK) |
| 9 (RLIN) | 90955 |
| 700 ## - ADDED ENTRY--PERSONAL NAME | |
| Personal name | PATTAR (Mohanraj) |
| 9 (RLIN) | 90956 |
| 700 ## - ADDED ENTRY--PERSONAL NAME | |
| Personal name | RAJESH (S) |
| 9 (RLIN) | 90957 |
| 942 ## - ADDED ENTRY ELEMENTS (KOHA) | |
| Source of classification or shelving scheme | Dewey Decimal Classification |
| Koha item type | Donated Books |
| Withdrawn status | Lost status | Source of classification or shelving scheme | Damaged status | Not for loan | Collection code | Home library | Current library | Date acquired | Cost, normal purchase price | Total Checkouts | Full call number | Barcode | Date last seen | Cost, replacement price | Price effective from | Koha item type | Public note |
|---|---|---|---|---|---|---|---|---|---|---|---|---|---|---|---|---|---|
| Dewey Decimal Classification | Physics | St Aloysius Library | St Aloysius Library | 04/19/2023 | 270.00 | 531 JYOP | D04882 | 04/20/2023 | 270.00 | 04/20/2023 | Donated Books | Donated by SS Bhavikatti Prakashana |